000 00631nam a2200193Ia 4500
003 GCL
008 140319s9999 xx 000 0 ara d
040 _aGCL /
_cGCL
082 0 4 _a301.1
_bع ل
100 1 _aعلى عبدالواحد وافى
245 1 0 _aاللعب والمحاكاة واثرهما فى حياة الانسان /
_cعلى عبدالواحد وافى
300 _a157 ص
490 _aالهيئة العامة للاستعلامات
_v0
650 0 4 _aعلم النفس الاجتماعى
650 0 4 _aالاجتماع، علم
650 0 4 _aاللعب
650 0 4 _aالمحاكاة
942 _2ddc
_cBK
999 _c49535
_d49535